000 00462nam a2200181Ia 4500
001 5161
005 20260306145848.0
008 260306t2011||||xx |||||||||||||| ||spa||
041 _aESP
082 _a336.206
_bI59
100 _aBernal Rojas, Josué
_eAUT
245 0 _aDeducción de gastos de vehiculos en la empresa:
_bcasos prácticos
260 _c2011
300 _a31 páginas :
_c24 cm.
650 _aGEN
654 _aCAN
942 _cLIB
_dJUS
_fJUS
_2ddc
_n
999 _c5161
_d5161